EPIC: The Musical - Odysseus - Statistics

General Stats
  • This quiz has been taken 274 times
  • The average score is 380 of 474
Answer Stats
% Correct
a
99%
Odysseus For
99%
for
99%
I
99%
I..
99%
the
98%
The
98%
THE
98%
an
97%
and
97%
And
97%
he?
97%
HE?!
97%
he
97%
he?)
97%
I've
97%
Ody-)
97%
of
97%
OF
97%
to
97%
TO
97%
Melanthius Ha!
96%
have
95%
my
95%
My
95%
MY
95%
Ensemble (Odysseus,
95%
Odysseus,
95%
Odysseus.)
95%
Ensemble (Odysseus.)
95%
Ensemble (Odysseus.
95%
you
95%
Odysseus You
95%
you!
95%
you,
95%
YOU
95%
all,
94%
all
94%
ALL
94%
hurt
94%
wife
94%
WIFE!
94%
years
94%
palace
93%
palace?
93%
twenty
93%
Suitor 10 | Suitor 3 We
93%
we
93%
boy!
92%
enough.
92%
every
92%
find
92%
had..
92%
hear
92%
dare
91%
dare.
91%
Suitor In
91%
in
91%
come
90%
do
90%
like
90%
Odysseus | Suitor 4 No..
90%
no
90%
suffered
90%
Troy.
90%
don't
89%
gods
89%
is
88%
IS
88%
it,
88%
IT!
88%
it
88%
me
88%
me!
88%
So
88%
this
88%
THIS
88%
touch
88%
back
87%
From
87%
Suitor 5 Where
87%
WHERE
87%
Suitors (Where
87%
Worst
87%
dead.
86%
fight!
86%
fight
86%
Melanthius FIGHT
86%
at
85%
down!
85%
down
85%
down!)
85%
He's
85%
he's
85%
pain.
85%
us
85%
us,
85%
your
85%
Your
85%
YOUR
85%
Suitor 7 Our
84%
our
84%
be
83%
BE
83%
head
83%
head.
83%
king,
83%
king
83%
man
83%
punishment
83%
advantage.
82%
monsters,
82%
wrath
82%
hid
81%
know
81%
sacked
81%
torches!
81%
understand
81%
weapons..
81%
weapons
81%
weapons,
81%
slain.
80%
are
79%
ARE
79%
long
79%
aiming
78%
BUILT
78%
comrades
78%
Suitor 6 Keep
78%
Now
78%
now
78%
numbers
78%
own
78%
screams
78%
that
78%
unknown..
78%
unknown.
78%
arm
77%
can
77%
CAN
77%
think
77%
his
76%
leader
76%
Eurymachus Old
76%
Suitor 9 We're
76%
were
76%
as
75%
desecrated,
75%
room.
75%
room
75%
will
75%
WILL
75%
win.
75%
chance
74%
chance!
74%
instea-
74%
let's
74%
more
74%
open
74%
they're
74%
We've
74%
what?
74%
what
74%
arms
73%
believe
73%
hard
73%
missing!
73%
shadows
73%
threat..
73%
want
73%
deadly
72%
left
72%
Left
72%
rest
72%
You've
72%
foe..
71%
forgive
71%
inside
71%
longer
71%
planned
71%
serpent's
71%
wouldn't
71%
battle
70%
destroyed
70%
instead.
70%
these
70%
TIL
70%
agile,
69%
cunning
69%
darkness
69%
darkness.
69%
hide
69%
kings
69%
only
69%
prince.
69%
prince!
69%
PRINCE
69%
than
69%
using
69%
While
69%
Amphinomus Damn,
68%
has
68%
him,
68%
him
68%
him!
68%
unlocked,
68%
Melanthius After
67%
archer.
67%
assumed.
67%
blood
67%
busy
67%
but
67%
DIE!
67%
I'll
67%
prepared.
67%
sharpest
67%
spared.
67%
up
67%
against
66%
fair.
66%
halls!
66%
plotting,
66%
seeing
66%
shed,
66%
Suitor 2 Somewhere
66%
Melanthius Brothers,
65%
company,
65%
make
65%
Melanthius Make
65%
Mer..
65%
mer..
65%
odds
65%
trust
65%
you'll
65%
Melanthius Behind
64%
edge
64%
Suitors (Hold
64%
Hold
64%
Odysseus Mercy?
64%
MERCY?!
64%
mercy
64%
ours
64%
attack
63%
Telemachus Get
63%
if
63%
lurks
63%
mistake!
63%
those
63%
approaches!
62%
young
62%
armory
61%
heat
61%
made
61%
might.
61%
bastard
60%
empty-handed,
60%
presence
60%
rot.
60%
STAND!
60%
strike
60%
take.
59%
doomed
58%
home.
58%
off
58%
RAPE
58%
still
58%
There's
58%
Telemachus Throw
58%
yourselves.
58%
BARELY
57%
GOING
57%
grave
57%
very
57%
bring
56%
defeat
56%
died
56%
since
56%
fate
55%
FATE!
55%
kill
55%
son,
55%
armed
54%
break
54%
tilted!
54%
drowned,
53%
ensure
53%
ourselves,
53%
kid's
52%
command.
51%
Got
51%
obey
51%
with
51%
Melanthius Capture
50%
greatest
50%
hands.
50%
Telemachus STOP!
49%
around,
47%
plotted
47%
won't,
47%
heart
46%
family's
44%
fill
44%
Melanthius Cause
43%
hate,
42%
wrong.
41%
done
40%
who've
33%
prepares
8%
No matching quizzes found
Score Distribution
Percent of People with Each Score
Percentile by Number Answered
Your Score History
You have not taken this quiz